000
00223 a2200097 4500
001
19791
100
_a
Emmet, D
245
_a
Sociological theory & philosophical analysis
260
_a
_b
MacMillan
_c
090
_c
14416
_d
14416
942
_a
NUST-CAE
_c
M
_c
4910
999
_c
254864
_d
254864